<Der> post-IPO drop in Firmen Rentabilität diplomová práca

Enregistré dans:
Détails bibliographiques
Auteur principal: Brath, Martin
Collectivité auteur: Ekonomická univerzita v Bratislave. Ústav medzinárodných programov
Autres auteurs: Laitenberger, Jorg
Format: Livre
Langue:allemand
Publié: Bratislava 2014
Tags: Ajouter un tag
Pas de tags, Soyez le premier à ajouter un tag!

MARC

LEADER 00000nbm a2200000 4500
001 0213721
005 20170317103730.1
041 0 |a ger 
044 |a SK 
245 1 0 |a <Der> post-IPO drop in Firmen Rentabilität  |b diplomová práca  |c Martin Brath ; školiteľ: Jörg Laitenberger 
264 1 |a Bratislava  |c 2014 
300 |a 52 s. 
100 1 |a Brath, Martin 
700 1 |a Laitenberger, Jorg 
710 2 |a Ekonomická univerzita v Bratislave. Ústav medzinárodných programov